All 1M+ Cities by Letter - M - Statistics

General Stats
  • This quiz has been taken 328 times
  • The average score is 37 of 56
Answer Stats
Country (State) Population (Millions) City Name % Correct
Spain 6.5 Madrid
100%
Philippines 25.2 Manila
100%
Australia 4.85 Melbourne
100%
Mexico 22.8 Mexico City
100%
USA (Florida) 6.4 Miami
100%
Italy 5.2 Milan
100%
Canada 4.3 Montreal
100%
Russia 17.2 Moscow
100%
United Kingdom 3.1 Manchester
98%
USA (Minnesota) 3.15 Minneapolis
97%
India (Maharashtra) 24.7 Mumbai
97%
Germany 2.275 Munich
97%
Belarus 2 Minsk
96%
Somalia 1.89 Mogadishu
94%
Uruguay 1.85 Montevideo
94%
France 1.66 Marseille
93%
Colombia 3.95 Medellin
90%
Oman 1.36 Muscat
90%
Nicaragua 1.32 Managua
89%
Saudi Arabia 2.075 Mecca
89%
Mexico 4.925 Monterrey
88%
Liberia 1.53 Monrovia
87%
Mozambique 2.875 Maputo
86%
Bahrain 1.53 Manama
85%
USA (Tennessee) 1.15 Memphis
84%
USA (Wisconsin) 1.55 Milwaukee
83%
Saudi Arabia 1.49 Medina
81%
Morocco 1.1 Marrakesh
79%
Kenya 1.24 Mombasa
78%
Brazil 2.175 Manaus
74%
Spain 1.01 Malaga
70%
Iraq 1.38 Mosul
68%
Germany 1.58 Mannheim
66%
Venezuela 2.6 Maracaibo
66%
Myanmar 1.52 Mandalay
64%
Iran 3.15 Mashhad
61%
Indonesia 3.95 Medan
61%
USA (Texas) 1.3 McAllen
46%
Argentina 1.08 Mendoza
44%
USA (Florida) 1.19 Melbourne
39%
Mexico 1.13 Merida
36%
DRC 2 Mbuji Mayi
35%
Indonesia 1.86 Makassar
32%
Pakistan 2.05 Multan
30%
Venezuela 1.42 Maracay
29%
India (Tamil Nadu) 1.75 Madurai
20%
Nigeria 1.17 Maiduguri
19%
Mexico 1.04 Mexicali
19%
Brazil 1.11 Maceio
17%
Indonesia 1.73 Malang
15%
India (Karnataka) 1.2 Mysuru
15%
China (Guangdong) 1.36 Maoming
14%
India (Uttar Pradesh) 1.71 Meerut
14%
India (Uttar Pradesh) 1.22 Moradabad
11%
China (Anhui) 1.16 Ma'anshan
10%
China (Sichuan) 1.46 Mianyang
9%
No matching quizzes found
Score Distribution
Percent of People with Each Score
Percentile by Number Answered
Your Score History
You have not taken this quiz